[Event "GCT Blitz YourNextMove"]
[Site "Leuven BEL"]
[Date "2016.06.19"]
[Round "3.4"]
[White "Caruana,F"]
[Black "Nakamura,Hi"]
[Result "1/2-1/2"]
[WhiteElo "2804"]
[BlackElo "2787"]

1.Nf3 Nf6 2.b3 d5 3.Bb2 e6 4.c4 c5 5.cxd5 exd5 6.e3 Nc6 7.Bb5 Bd6 8.O-O O-O
9.d4 cxd4 10.Nxd4 a6 11.Nxc6 bxc6 12.Be2 Qc7 13.h3 Qe7 14.Nd2 c5 15.Bf3 Bb7
16.Qc2 Rac8 17.Rfe1 Rfe8 18.Rad1 Be5 19.Bxe5 Qxe5 20.Nc4 Qc7 21.Nb2 c4 22.Qc3 cxb3
23.Qxb3 Bc6 24.Nd3 Bb5 25.Nf4 Bc4 26.Qb2 Qa5 27.Rd2 Rb8 28.Qc2 Rec8 29.Rc1 g6
30.Qd1 Kg7 31.g4 Rc5 32.h4 Rbc8 33.g5 Ne4 34.Bxe4 dxe4 35.Rd7 Kg8 36.Qd4 R5c6
37.Rd1 Be6 38.Nxe6 Rxe6 39.Rxf7 Kxf7 40.Qd7+ Re7 41.Qxc8 Qxa2 42.Rd8 Qe6
43.Qc3 Rb7 44.Kh2 Qf5 45.Qc4+ Ke7 46.Rd2 Qe5+ 47.Kg2 Qf5 48.Kh2 Qe5+ 49.Kg2 Qe6
50.Qc5+ Kf7 51.Kg3 Rd7 52.Rc2 Qd6+ 53.Qxd6 Rxd6 54.Rc7+ Kg8 55.Kf4 Rd2 56.Kxe4 Rxf2
57.Ke5 Rh2 58.e4 Rxh4 59.Kd5 Rg4 60.Ke5 a5 61.Ra7 h5 62.gxh6 Rh4 63.Rg7+ Kf8
64.Rxg6 a4 65.Ra6 a3 66.Kf5 a2 67.Kg5 Rxe4 68.h7 Kg7 69.Rxa2  1/2-1/2

[Event "GCT Blitz YourNextMove"]
[Site "Leuven BEL"]
[Date "2016.06.19"]
[Round "4.2"]
[White "Nakamura,Hi"]
[Black "Giri,A"]
[Result "1-0"]
[WhiteElo "2787"]
[BlackElo "2782"]

1.d4 d5 2.c4 c6 3.Nf3 Nf6 4.e3 Bg4 5.h3 Bh5 6.g4 Bg6 7.Ne5 e6 8.Nxg6 hxg6
9.Bg2 Nbd7 10.Nd2 g5 11.O-O Be7 12.Qc2 Nf8 13.Nf3 Ne4 14.Ne5 f6 15.Nd3 Ng6
16.f3 Ng3 17.Re1 f5 18.cxd5 exd5 19.Qf2 Bd6 20.e4 dxe4 21.fxe4 f4 22.d5 Bc7
23.Qc2 O-O 24.Nc5 Bb6 25.Kh2 f3 26.e5 Nh4 27.Kxg3 fxg2 28.d6 Rf3+ 29.Kh2 Rf1
30.Qc4+ Kh8 31.Be3 Qf8 32.Rxf1 gxf1=Q 33.Rxf1 Qe8 34.e6 Qg6 35.d7 Bc7+ 36.Kg1 Bd6
37.Qd4 Be7 38.Rf7 Qb1+ 39.Kf2 Qc2+ 40.Kf1 Qb1+ 41.Ke2 Qc2+ 42.Qd2 Qc4+ 43.Qd3 Qxa2
44.Rxe7 Qxb2+ 45.Bd2 Qe5+ 46.Ne4 Rf8 47.Re8 Qh2+ 48.Kd1  1-0

[Event "GCT Blitz YourNextMove"]
[Site "Leuven BEL"]
[Date "2016.06.19"]
[Round "5.5"]
[White "So,W"]
[Black "Nakamura,Hi"]
[Result "1-0"]
[WhiteElo "2770"]
[BlackElo "2787"]

1.c4 e6 2.Nc3 Nf6 3.e4 d5 4.cxd5 exd5 5.e5 Ne4 6.Nf3 Bf5 7.d4 Bb4 8.Bd2 Bxc3
9.Bxc3 O-O 10.Be2 Nd7 11.O-O c5 12.dxc5 Nxc3 13.bxc3 Nxc5 14.Rc1 Rc8 15.Nd4 Bd7
16.c4 dxc4 17.Bxc4 Qe7 18.Re1 Kh8 19.Qf3 Be6 20.Nxe6 Nxe6 21.Bxe6 fxe6 22.Rxc8 Rxc8
23.h3 b5 24.Rd1 h6 25.Rd6 Rf8 26.Qc6 Qh4 27.Qc5 Qc4 28.Qxc4 bxc4 29.Rc6 Rf5
30.Rxe6 c3 31.Rc6 Rxe5 32.Rxc3 Re1+ 33.Kh2 Re2 34.Ra3 Rxf2 35.Rxa7 Rb2 36.Kg3 Kh7
37.a4 Kg6 38.a5 Ra2 39.a6 h5 40.h4 Ra4 41.Ra8 Rg4+ 42.Kh3 Ra4 43.Ra7 Ra3+
44.Kh2 Ra4 45.g3 Ra2+ 46.Kg1 Kf6 47.Kf1 g5 48.hxg5+ Kxg5 49.Ra8 Kg6 50.Ke1 Kg7
51.Kd1 Kh7 52.Kc1 Kg7 53.Kb1 Ra5 54.Kb2 Ra4 55.Kb3 Ra1 56.Kb4 Rb1+ 57.Kc5 Rc1+
58.Kb6 Rb1+ 59.Ka7 Rb3 60.Rb8 Rxg3 61.Rb5 Kh6 62.Kb6 h4 63.a7 Rg8 64.Kb7 Rg7+
65.Ka6 Rg8 66.Rb8 Rg1 67.Rb5 Rg8 68.Rc5 Rh8 69.Kb7 Rh7+ 70.Kb8 h3 71.a8=Q  1-0

[Event "GCT Blitz YourNextMove"]
[Site "Leuven BEL"]
[Date "2016.06.19"]
[Round "6.1"]
[White "Anand,V"]
[Black "Nakamura,Hi"]
[Result "1/2-1/2"]
[WhiteElo "2770"]
[BlackElo "2787"]

1.e4 e5 2.Nf3 Nc6 3.Bc4 Bc5 4.O-O Nf6 5.d3 d6 6.c3 a6 7.a4 O-O 8.b4 Ba7 9.Bg5 h6
10.Bh4 g5 11.Bg3 g4 12.Nh4 Nh5 13.Na3 Qg5 14.Nc2 Ne7 15.Ne3 Kh8 16.d4 Nxg3
17.hxg3 Qg7 18.dxe5 Qxe5 19.Qd3 Qg5 20.Rae1 Nc6 21.Nd5 Ne5 22.Qe2 Be6 23.Ba2 c6
24.Nf4 Rae8 25.Rd1 Bb8 26.b5 axb5 27.axb5 Bc8 28.bxc6 bxc6 29.Qb2 Bc7 30.Rd4 Kh7
31.Ra4 Bd7 32.Ra7 Rb8 33.Rb7 Qd8 34.Rb1 Rxb7 35.Qxb7 Qb8 36.Qa6 Qa8 37.Qe2 Rb8
38.Rxb8 Qxb8 39.Nh5 Bd8 40.Nf5 Bxf5 41.exf5 Qb5 42.Qxb5 cxb5 43.Nf4 Ba5 44.Nd5 h5
45.Kf1 Nd7  1/2-1/2

[Event "GCT Blitz YourNextMove"]
[Site "Leuven BEL"]
[Date "2016.06.19"]
[Round "7.5"]
[White "Nakamura,Hi"]
[Black "Aronian,L"]
[Result "1/2-1/2"]
[WhiteElo "2787"]
[BlackElo "2792"]

1.d4 Nf6 2.Bf4 d5 3.e3 c5 4.c3 Nc6 5.Nd2 e6 6.Ngf3 Be7 7.h3 Bd6 8.Ne5 Qc7
9.Bb5 O-O 10.Bxc6 bxc6 11.O-O Ne4 12.Re1 Rb8 13.Nxe4 dxe4 14.Qc2 cxd4 15.cxd4 c5
16.Ng4 h5 17.Bxd6 Qxd6 18.dxc5 Qd3 19.Qxd3 exd3 20.Ne5 d2 21.Red1 Rxb2 22.Nc4 Rc2
23.Nxd2 Rxc5 24.Ne4 Ra5 25.Nd6 Ba6 26.Rd2 Rd8 27.Rc1 Rd7 28.Rc6 Bb7 29.Rcc2 Rd5
30.Rxd5 Bxd5 31.Nb5 Rb7 32.a4 Bb3 33.Rc8+ Kh7 34.Nc3 Kg6 35.Rc5 f6 36.f4 h4
37.e4 Rd7 38.Rb5 Bc4 39.Rc5 Bb3 40.a5 Rd4 41.Rc7 a6 42.Rc6 Rc4 43.Rxc4 Bxc4
44.Kf2 e5 45.Kf3 exf4 46.Kxf4 Kf7 47.g3 g5+ 48.Kf3 hxg3 49.Kxg3 Ke6 50.Na4 Ke5
51.Nc5 Kd4 52.Nd7 Kxe4 53.Nxf6+ Kf5  1/2-1/2

[Event "GCT Blitz YourNextMove"]
[Site "Leuven BEL"]
[Date "2016.06.19"]
[Round "8.2"]
[White "Topalov,V"]
[Black "Nakamura,Hi"]
[Result "1/2-1/2"]
[WhiteElo "2761"]
[BlackElo "2787"]

1.c4 e6 2.Nf3 d5 3.b3 d4 4.g3 c5 5.Bg2 Nc6 6.O-O Nf6 7.e3 Be7 8.exd4 cxd4
9.d3 O-O 10.Re1 Ne8 11.a3 a5 12.Nbd2 f6 13.Rb1 e5 14.Nh4 Nc7 15.Qh5 Qe8 16.Qxe8 Rxe8
17.f4 exf4 18.gxf4 Bd7 19.Kf2 Na6 20.Bd5+ Kh8 21.Ne4 f5 22.Ng5 Bxg5 23.fxg5 Nc5
24.Rxe8+ Rxe8 25.Nf3 Nxd3+ 26.Kg3 b6 27.Bf4 Ne7 28.Bf7 Rf8 29.Bd5 Nxf4 30.Kxf4 Ng6+
31.Kg3 d3 32.Rd1 f4+ 33.Kf2 Bf5 34.h4 Re8 35.Nd4 Nxh4 36.Nxf5 Nxf5 37.Rxd3 g6
38.b4 axb4 39.axb4 h6 40.gxh6 g5 41.Bf3 Ne3 42.c5 bxc5 43.bxc5 g4 44.c6 gxf3
45.Kxf3 Nc4 46.Kxf4 Rc8 47.Ke4 Na5 48.Rd6 Nxc6 49.Kd5 Ne7+ 50.Ke6 Ng8 51.Kd7 Ra8
52.Kc7 Ra7+ 53.Kb6 Rf7 54.Rc6 Rf1 55.Kc7 Kh7 56.Kb6 Nf6 57.Kb7 Kxh6 58.Kc8 Kg6
59.Rc7 Ra1 60.Rc2 Nd5 61.Kd7 Kf5 62.Kd6 Ne3 63.Rc8 Rd1+ 64.Kc6 Nd5 65.Re8 Kf6
66.Re2 Ne7+ 67.Kc5 Ng6 68.Re8 Ne5 69.Kb5 Rc1 70.Kb4 Nc6+ 71.Kb3 Rc5 72.Re1 Nd4+
73.Kb4 Rc8 74.Re4 Ne6 75.Re1 Nf4 76.Kb5 Nd5 77.Rh1 Ke5 78.Rh5+ Kd4 79.Rh4+ Kd3
80.Rh3+ Ne3 81.Kb6 Rc3 82.Kb7 Kd4 83.Rh4+ Kc5 84.Rh3 Rb3+ 85.Kc8 Kd6 86.Rh6+ Ke5
87.Kd7 Nf5 88.Rh5 Rc3 89.Rg5 Kf4 90.Rg1 Ne3 91.Kd6 Ke4 92.Re1 Kd4 93.Rh1 Nf5+
94.Ke6 Rf3 95.Rd1+ Ke4 96.Re1+ Ne3 97.Ra1 Nc2 98.Ra4+ Nd4+ 99.Ke7 Rh3 100.Kd6 Rh6+
101.Ke7 Kd5 102.Ra5+ Kc4 103.Kf7 Nc6 104.Ra1 Ne5+ 105.Ke7 Kd5 106.Rd1+ Kc5
107.Rc1+ Nc4 108.Kf7 Kd5 109.Rd1+ Kc6 110.Rc1 Rh4 111.Kf6 Kd7 112.Rd1+ Nd6
113.Kg5 Re4 114.Ra1 Ke6 115.Ra6 Rd4 116.Kg6 Rg4+ 117.Kh5 Rg1 118.Kh4 Ke5
119.Kh3 Ne4 120.Kh2 Rg8 121.Ra7 Nd2 122.Ra3 Kf4 123.Ra4+ Ke3 124.Kh3 Ne4
125.Kh2 Nc3 126.Ra7 Rg5 127.Kh3 Ne4 128.Ra3+ Kf4 129.Kh2 Nd2 130.Kh3 Rh5+
131.Kg2 Rg5+ 132.Kh3 Rg8  1/2-1/2

[Event "GCT Blitz YourNextMove"]
[Site "Leuven BEL"]
[Date "2016.06.19"]
[Round "9.4"]
[White "Nakamura,Hi"]
[Black "Carlsen,M"]
[Result "1/2-1/2"]
[WhiteElo "2787"]
[BlackElo "2855"]

1.d4 Nf6 2.c4 e6 3.Nf3 Bb4+ 4.Bd2 Bxd2+ 5.Qxd2 d5 6.Nc3 O-O 7.e3 Qe7 8.Rc1 Rd8
9.Qc2 dxc4 10.Bxc4 c5 11.O-O cxd4 12.Nxd4 Bd7 13.Rfd1 Nc6 14.Nxc6 Bxc6 15.Bb5 Rac8
16.Rxd8+ Qxd8 17.Rd1 Qe7 18.Bxc6 Rxc6 19.Qd2 Rc8 20.Qd4 a6 21.h3 h6 22.Qd6 Qxd6
23.Rxd6 Kf8 24.Kf1 Ke7 25.Rd4 Nd7 26.Ke2 Ne5 27.Kd1 f5 28.a4 g5 29.Kc2 Rc7
30.Rd1 Nc4 31.b3 Nd6 32.Kb2 Rc8 33.f3 h5 34.Ne2 h4 35.Nc3 Rc5 36.Ne2 Ne8
37.Nc1 Nf6 38.Nd3 Rc7 39.Re1 Nd5 40.e4 fxe4 41.fxe4 Nf6 42.Ne5 Nh5 43.Nd3 Rc8
44.Rf1 Ng3 45.Re1 Kd6 46.a5 Rc7 47.Rd1 Ke7 48.Re1 Kf6 49.Re3 e5 50.Re1 Nh5
51.Rc1 Rxc1 52.Kxc1 Nf4 53.Nxf4 exf4 54.Kd2 Ke5 55.Kd3 g4 56.hxg4 f3 57.Ke3 fxg2
58.Kf2 h3 59.g5 Ke6 60.Kg1 Ke5 61.Kh2 Ke6 62.Kg1  1/2-1/2

[Event "GCT Blitz YourNextMove"]
[Site "Leuven BEL"]
[Date "2016.06.20"]
[Round "10.3"]
[White "Nakamura,Hi"]
[Black "Vachier Lagrave,M"]
[Result "0-1"]
[WhiteElo "2787"]
[BlackElo "2789"]

1.e4 c5 2.Nf3 d6 3.d4 cxd4 4.Nxd4 Nf6 5.Nc3 a6 6.Nb3 g6 7.Be2 Bg7 8.Be3 Nc6
9.Nd5 O-O 10.Nxf6+ Bxf6 11.c3 b5 12.f4 Bb7 13.Bf3 Na5 14.Nxa5 Qxa5 15.a3 Qc7
16.O-O Rfd8 17.Re1 Rac8 18.Qe2 e5 19.Qf2 exf4 20.Bxf4 Be5 21.Bg5 Re8 22.Kh1 a5
23.Rad1 Bc6 24.Be3 b4 25.Bb6 Qb7 26.Bxa5 bxa3 27.bxa3 Ba4 28.Rc1 Qe7 29.Bb4 Qf6
30.Rf1 h5 31.Be2 Qxf2 32.Rxf2 Bd4 33.Rff1 Be3 34.Ra1 Rxe4 35.Bf3 Re7 36.Rfe1 Bg5
37.Rxe7 Bxe7 38.Bd1 Ra8 39.Bxa4 Rxa4 40.c4 Bf6 41.Rd1 Be5 42.Kg1 Kg7 43.h3 Kf6
44.Kf2 Ke6 45.Ke3 g5 46.Kd3 f5 47.Kc2 g4 48.hxg4 hxg4 49.Kb3 Ra8 50.a4 f4
51.Rf1 Kf5 52.c5 dxc5 53.Bxc5 Rc8 54.Kb4 Ke4 55.Re1+ Kd5 56.Rd1+ Ke4 57.a5 Bc3+
58.Kxc3 Rxc5+ 59.Kb4 Rc2 60.Re1+ Kd3 61.Rd1+ Ke3 62.Re1+ Kf2 63.Re4 Kg3 64.a6 Rxg2
65.Kb5 Rh2 66.Re8 Rh7 67.Kb6 f3 68.Rf8 f2  0-1

[Event "GCT Blitz YourNextMove"]
[Site "Leuven BEL"]
[Date "2016.06.20"]
[Round "11.3"]
[White "Kramnik,V"]
[Black "Nakamura,Hi"]
[Result "1/2-1/2"]
[WhiteElo "2812"]
[BlackElo "2787"]

1.Nf3 d5 2.g3 Nf6 3.Bg2 e6 4.O-O Be7 5.c4 O-O 6.b3 c5 7.cxd5 Nxd5 8.Bb2 Nc6
9.Nc3 Bf6 10.Qc2 b6 11.Nxd5 exd5 12.d4 Ba6 13.dxc5 bxc5 14.Rfe1 Rc8 15.Bxf6 Qxf6
16.Rac1 c4 17.Qd2 Rfd8 18.e3 Qd6 19.Red1 Qa3 20.Qc3 Nb4 21.bxc4 Qxc3 22.Rxc3 Nxa2
23.Ra3 Bxc4 24.Ne5 Nb4 25.Rxa7 f6 26.Nxc4 dxc4 27.Rxd8+ Rxd8 28.Rc7 Rd1+
29.Bf1 Nd3 30.Rxc4 Ne5 31.Rc8+ Kf7 32.Rc7+ Kf8 33.Kg2 Rd2 34.h3 h5 35.Ra7 Kg8
36.Ra4 g5 37.Rd4 Rb2 38.Bc4+ Nxc4 39.Rxc4 Kf7 40.Kf3 Kg6 41.Rc3 Ra2 42.e4 Ra1
43.Rc6 Kf7 44.Kg2 Ra4 45.Rc7+ Kg6 46.Re7 Ra2 47.h4 g4 48.Re8 Rb2 49.Kf1 Rb1+
50.Ke2 Rb2+ 51.Kf1 Rb1+ 52.Kg2 Rb2 53.Re7 Ra2 54.e5 fxe5 55.Rxe5 Rb2 56.Rg5+ Kh6
57.Kf1 Ra2 58.Ke1 Rb2 59.Re5 Kg6 60.Re2 Rb1+ 61.Kd2 Rb2+ 62.Ke3 Rb3+ 63.Ke4 Rf3
64.Rd2 Rf6 65.Rc2 Re6+ 66.Kd5 Re1 67.Rc4 Re2 68.Rf4 Kg7 69.Kd4 Kg6 70.Kd3 Ra2
71.Ke3 Ra3+ 72.Kd4 Ra2 73.Ke4  1/2-1/2

[Event "GCT Blitz YourNextMove"]
[Site "Leuven BEL"]
[Date "2016.06.20"]
[Round "12.4"]
[White "Nakamura,Hi"]
[Black "Caruana,F"]
[Result "1-0"]
[WhiteElo "2787"]
[BlackElo "2804"]

1.Nf3 d6 2.e4 Nf6 3.Nc3 g6 4.d4 Bg7 5.Be2 O-O 6.O-O a6 7.a4 Nc6 8.Re1 b6
9.d5 Nb4 10.Nb1 a5 11.c3 Na6 12.Nd4 Nc5 13.f3 Bd7 14.Bb5 e6 15.Nc6 Bxc6 16.Bxc6 Rb8
17.Be3 Nfd7 18.Bd4 Ne5 19.Bb5 Qg5 20.Rf1 Qh4 21.Nd2 exd5 22.exd5 Ned3 23.Bxg7 Kxg7
24.Bxd3 Nxd3 25.Ne4 Nc5 26.Qd4+ f6 27.Rae1 Qf4 28.b4 Nd7 29.g3 Qf5 30.f4 Rbe8
31.Qc4 Rg8 32.Nf2 Rxe1 33.Rxe1 Rc8 34.g4 Qc2 35.Re7+ Kg8 36.Rxd7  1-0

[Event "GCT Blitz YourNextMove"]
[Site "Leuven BEL"]
[Date "2016.06.20"]
[Round "13.2"]
[White "Giri,A"]
[Black "Nakamura,Hi"]
[Result "1/2-1/2"]
[WhiteElo "2782"]
[BlackElo "2787"]

1.e4 e5 2.Nf3 Nc6 3.Bb5 Nf6 4.O-O Nxe4 5.Re1 Nd6 6.Nxe5 Be7 7.Bf1 Nf5 8.Nf3 O-O
9.d4 d5 10.h3 Nh4 11.Nxh4 Bxh4 12.c3 Bg5 13.Na3 Bxc1 14.Qxc1 Bf5 15.Qf4 Bg6
16.Re3 a6 17.Rae1 Qd7 18.Nb1 Rad8 19.Nd2 Qd6 20.Qg4 Nb8 21.h4 Nd7 22.Qg5 Nf6
23.f3 h6 24.Qe5 Qb6 25.b4 a5 26.b5 Qd6 27.Qxd6 Rxd6 28.g4 Rdd8 29.Re7 Rfe8
30.g5 hxg5 31.hxg5 Rxe7 32.Rxe7 Ne8 33.b6 Kf8 34.bxc7 Kxe7 35.cxd8=Q+ Kxd8
36.c4 Nc7 37.Kf2 a4 38.Ke3 dxc4 39.Nxc4 Nd5+ 40.Kd2 Bb1 41.a3 f6 42.gxf6 gxf6
43.Nb2 Nb6 44.Bb5 Ba2 45.Nxa4 Nxa4 46.Bxa4 Bd5 47.Ke3 b6 48.Bc2 Ke7 49.Be4 Be6
50.Kd3 Kd6 51.Kc3 Bd7 52.Kd2 Be6 53.Ke3 Bd7 54.Kf4 Ke7 55.Bf5 Bc6 56.Bd3 Bd5
57.Be4 Be6 58.Ke3 Kd6 59.Kd2 Bd7 60.Ke3 Be6 61.Bb7 Bd7 62.Kf4 Be6 63.Ke4 Bd7
64.Ba6 Bc6+ 65.Ke3 Bd7 66.Bc4 Bc6 67.Bg8 Bb7 68.Kf4 Bc6 69.Kg4 Bb7 70.f4 Be4
71.Kh5 Ke7 72.Kh6 Kf8 73.Be6 Ke7 74.f5 Bc2 75.Kg7 Bb1 76.d5 b5 77.d6+ Kxd6
78.Kxf6 Bc2 79.Kg5 Ke5 80.Bd7 Bxf5 81.Bxf5 Kd4 82.Bd7 Kc4 83.Be6+ Kc3 84.Bd7 Kb2
85.Bxb5 Kxa3  1/2-1/2

[Event "GCT Blitz YourNextMove"]
[Site "Leuven BEL"]
[Date "2016.06.20"]
[Round "14.5"]
[White "Nakamura,Hi"]
[Black "So,W"]
[Result "1/2-1/2"]
[WhiteElo "2787"]
[BlackElo "2770"]

1.Nf3 d5 2.d4 Nf6 3.e3 e6 4.c4 c5 5.cxd5 Nxd5 6.e4 Nf6 7.Nc3 cxd4 8.Qxd4 Qxd4
9.Nxd4 a6 10.f3 Bc5 11.Be3 Nc6 12.Nc2 Bxe3 13.Nxe3 Ke7 14.Rc1 Rd8 15.Na4 Bd7
16.Nb6 Rab8 17.Be2 Be8 18.Kf2 Nd7 19.Nxd7 Rxd7 20.Rc3 Rbd8 21.a3 Nd4 22.Bc4 Nc6
23.Be2 Nd4 24.Rd1 f6 25.Bf1 Bf7 26.Rdc1 b5 27.h4 e5 28.g3 Be6 29.Rc7 Nb3
30.R1c6 Rxc7 31.Rxc7+ Rd7 32.Rc2 Na1 33.Rc6 Rd2+ 34.Ke1 Rxb2 35.Rxa6 Nb3
36.Nd5+ Bxd5 37.exd5 Nd4 38.Bd3 Nxf3+ 39.Kf1 Nh2+ 40.Ke1 Nf3+ 41.Kf1 g6 42.h5 f5
43.Rb6 Nh2+ 44.Ke1 Nf3+ 45.Kf1 e4 46.d6+ Ke6 47.Bc4+ Ke5 48.d7 Nh2+ 49.Ke1 Nf3+
50.Kf1 Nh2+ 51.Ke1 Nf3+ 52.Kf1  1/2-1/2

[Event "GCT Blitz YourNextMove"]
[Site "Leuven BEL"]
[Date "2016.06.20"]
[Round "16.5"]
[White "Aronian,L"]
[Black "Nakamura,Hi"]
[Result "1/2-1/2"]
[WhiteElo "2792"]
[BlackElo "2787"]

1.d4 Nf6 2.c4 e6 3.Nc3 Bb4 4.Nf3 O-O 5.Bg5 c5 6.Rc1 cxd4 7.Nxd4 Nc6 8.e3 h6
9.Bh4 Be7 10.Be2 d5 11.O-O Nxd4 12.Qxd4 dxc4 13.Rfd1 Qxd4 14.Rxd4 Rd8 15.Rxd8+ Bxd8
16.Rd1 Be7 17.Rd4 Kf8 18.Bf3 g5 19.Bg3 g4 20.Be2 b6 21.Kf1 Bb7 22.Rxc4 Rc8
23.Rxc8+ Bxc8 24.Nb5 a5 25.Nd6 Bd7 26.Bb5 Nh5 27.Bxd7 Nxg3+ 28.hxg3 Bxd6
29.Ke2 Ke7 30.Bb5 Be5 31.b3 f5 32.a4 Bc3 33.Bd3 h5 34.e4 Kf6 35.exf5 exf5  1/2-1/2

[Event "GCT Blitz YourNextMove"]
[Site "Leuven BEL"]
[Date "2016.06.20"]
[Round "17.2"]
[White "Nakamura,Hi"]
[Black "Topalov,V"]
[Result "1-0"]
[WhiteElo "2787"]
[BlackElo "2761"]

1.Nf3 d5 2.d4 Nf6 3.c4 e6 4.g3 Bb4+ 5.Bd2 Be7 6.Qc2 O-O 7.Bg2 c6 8.O-O b6
9.b3 Ne4 10.Bf4 Nd7 11.Nc3 Nxc3 12.Qxc3 Bb7 13.Rac1 Rc8 14.Rfd1 h6 15.h3 Ba3
16.Rb1 a5 17.Qd3 Nf6 18.Bc1 Be7 19.Bb2 Ba6 20.Rbc1 Rc7 21.Qb1 Qb8 22.Ne5 Rfc8
23.e3 Bb7 24.c5 Ba6 25.Ba3 bxc5 26.Bxc5 Bxc5 27.Rxc5 Qb4 28.Rdc1 a4 29.Nxc6 Qb6
30.Ne7+ Rxe7 31.Rxc8+ Bxc8 32.Rxc8+ Ne8 33.Bf1 Qb7 34.Qc2 axb3 35.axb3 g5
36.Qc5 Kg7 37.b4 Nf6 38.Bd3 Nd7 39.Qxe7 Qxc8 40.b5 Qc1+ 41.Kg2 Qd2 42.Bf5 Nf8
43.b6 exf5 44.Qe5+ f6 45.Qc7+ Kg6 46.b7 Ne6 47.b8=Q  1-0

[Event "GCT Blitz YourNextMove"]
[Site "Leuven BEL"]
[Date "2016.06.20"]
[Round "18.4"]
[White "Carlsen,M"]
[Black "Nakamura,Hi"]
[Result "1/2-1/2"]
[WhiteElo "2855"]
[BlackElo "2787"]

1.d4 Nf6 2.c4 e6 3.Nc3 Bb4 4.Nf3 O-O 5.Bg5 c5 6.e3 cxd4 7.exd4 d5 8.Rc1 h6
9.Bh4 Nc6 10.a3 Be7 11.c5 Ne4 12.Bxe7 Qxe7 13.Bb5 Nxc3 14.Rxc3 e5 15.O-O Bg4
16.Bxc6 bxc6 17.dxe5 Bxf3 18.Rxf3 Qxe5 19.b4 d4 20.Re1 Qd5 21.Qb3 Rfd8 22.Qxd5 Rxd5
23.Rd1 a5 24.Kf1 axb4 25.axb4 Rb8 26.Rb3 Rxc5 27.Rxd4 Rc1+ 28.Ke2 c5 29.Rd1 Rxd1
30.Kxd1 cxb4 31.Kc2 g5 32.Re3 Rd8 33.Re4 b3+ 34.Kc3 Rd1 35.h4 b2 36.Kxb2 Rd2+
37.Kc3 Rxf2 38.hxg5 hxg5 39.g4 Kg7 40.Kd3 f5 41.gxf5 Rxf5 42.Re6 Kf7 43.Ra6 Re5
44.Kd4 Re1 45.Kd3 Re8 46.Rb6 Kg7 47.Ra6 Kf7 48.Rb6 Re6 49.Rxe6 Kxe6 50.Ke4 Kf6
51.Kf3 Kf5 52.Kg3 g4 53.Kg2 Kf4 54.Kf2 g3+ 55.Kg2 Kg4 56.Kg1 Kh3 57.Kh1 g2+
58.Kg1 Kg3  1/2-1/2

[Event "9th Masters Final 2016"]
[Site "Bilbao ESP"]
[Date "2016.07.13"]
[Round "1.2"]
[White "Carlsen,M"]
[Black "Nakamura,Hi"]
[Result "0-1"]
[WhiteElo "2855"]
[BlackElo "2787"]

1.e4 c5 2.Ne2 d6 3.Nbc3 a6 4.g3 g6 5.Bg2 Bg7 6.d4 cxd4 7.Nxd4 Nf6 8.O-O O-O
9.b3 Nc6 10.Nxc6 bxc6 11.Bb2 Qa5 12.Na4 Bg4 13.Qe1 Qh5 14.f3 Bh3 15.g4 Qh6
16.Rd1 g5 17.Bc1 Bxg2 18.Kxg2 Qg6 19.h4 gxh4 20.Qxh4 d5 21.g5 dxe4 22.f4 e6
23.c4 Rfd8 24.Rde1 Ne8 25.Nc5 Nd6 26.Qf2 f5 27.Bb2 Nf7 28.Bxg7 Kxg7 29.Qg3 Rd6
30.Rd1 Rad8 31.Rxd6 Rxd6 32.Qc3+ Kg8 33.Rf2 Qh5 34.Qh3 Qd1 35.Qe3 e5 36.Qg3 Rg6
37.Kh2 exf4 38.Qxf4 Qh5+ 39.Kg1 Qd1+ 40.Kh2 Qh5+ 41.Kg1 Nxg5 42.Qb8+ Kg7
43.Qe5+ Kh6 44.Qf4 Qd1+ 45.Kh2 Qd4 46.b4 Kg7 47.Qc7+ Kh8 48.Qc8+ Rg8 49.Qxf5 Nf3+
50.Kh3 Qd6  0-1

[Event "9th Masters Final 2016"]
[Site "Bilbao ESP"]
[Date "2016.07.14"]
[Round "2.1"]
[White "So,W"]
[Black "Nakamura,Hi"]
[Result "1/2-1/2"]
[WhiteElo "2770"]
[BlackElo "2787"]

1.d4 Nf6 2.c4 e6 3.Nc3 Bb4 4.Qc2 O-O 5.a3 Bxc3+ 6.Qxc3 d5 7.Nf3 dxc4 8.Qxc4 b6
9.Bg5 Ba6 10.Qa4 Qd7 11.Qc2 c5 12.dxc5 Rc8 13.Bxf6 gxf6 14.Rd1 Qe7 15.Qe4 Qxc5
16.e3 Bxf1 17.Kxf1 Nc6 18.g3 Ne5 19.Kg2 Qc6 20.Qxc6 Rxc6 21.Nxe5 fxe5 22.Rd2 Rac8
23.Rhd1 Rc2 24.Kf3 Kg7 25.e4 a5 26.Ke3 R2c5 27.Rb1 a4 28.b3 axb3 29.Rxb3 Ra5
30.Rdd3 b5 31.Kd2 Rc4 32.f3 Rca4 33.Rdc3 Rd4+ 34.Ke3 Rxa3 35.Rxa3 b4 36.f4 bxa3
37.Rxa3 Rb4 38.fxe5 Rb5 39.Kf4 Rb2 40.h4 h6 41.g4 Rh2 42.h5 Rh1 43.Rf3 Rg1
44.Rf2 Rh1 45.Rf3 Rg1 46.Rf2  1/2-1/2

[Event "9th Masters Final 2016"]
[Site "Bilbao ESP"]
[Date "2016.07.16"]
[Round "4.3"]
[White "Nakamura,Hi"]
[Black "Giri,A"]
[Result "1/2-1/2"]
[WhiteElo "2787"]
[BlackElo "2785"]

1.Nf3 d5 2.d4 Nf6 3.c4 e6 4.Nc3 c6 5.e3 Nbd7 6.Qc2 Bd6 7.Be2 O-O 8.O-O dxc4
9.Bxc4 b5 10.Be2 Bb7 11.a3 a5 12.e4 e5 13.Rd1 Qc7 14.g3 Rfe8 15.dxe5 Nxe5
16.Bg5 Nxf3+ 17.Bxf3 Be5 18.Bxf6 gxf6 19.Bg4 Rad8 20.Bf5 Bc8 21.Bxc8 Qxc8
22.Ne2 a4 23.f4 Bb8 24.Kg2 Ba7 25.h3 h5 26.f5 Qc7 27.h4 Qe5 28.Kf3 Rd5 29.Nf4 Rc5
30.Qe2 Rc4 31.Re1 Rd4 32.Nxh5 Red8 33.Rad1 Rxd1 34.Rxd1 Rxd1 35.Qxd1 Bd4
36.Qc1 Kh7 37.Qxc6 Bxb2 38.Qb7 Qc3+ 39.Kg2 Qc4 40.Nf4 Be5 41.Ne6 Kh6 42.Qa8 Qe2+
43.Kh3 Qf1+ 44.Kg4 Qd1+ 45.Kh3 Qh1+ 46.Kg4 Qd1+ 47.Kh3 Qh1+  1/2-1/2

[Event "9th Masters Final 2016"]
[Site "Bilbao ESP"]
[Date "2016.07.17"]
[Round "5.1"]
[White "Karjakin,Sergey"]
[Black "Nakamura,Hi"]
[Result "1/2-1/2"]
[WhiteElo "2773"]
[BlackElo "2787"]

1.c4 Nf6 2.Nc3 e6 3.Nf3 d5 4.d4 Be7 5.Bf4 O-O 6.e3 c5 7.dxc5 Bxc5 8.Qc2 Nc6
9.a3 Qa5 10.Rd1 Re8 11.Nd2 e5 12.Bg5 Nd4 13.Qa4 Qxa4 14.Nxa4 Nc2+ 15.Ke2 Nd4+
16.Ke1 Nc2+ 17.Ke2 Nd4+ 18.Ke1 Nc2+  1/2-1/2

[Event "9th Masters Final 2016"]
[Site "Bilbao ESP"]
[Date "2016.07.19"]
[Round "6.2"]
[White "Nakamura,Hi"]
[Black "Carlsen,M"]
[Result "1/2-1/2"]
[WhiteElo "2787"]
[BlackElo "2855"]

1.d4 Nf6 2.c4 e6 3.Nf3 d5 4.g3 Be7 5.Bg2 O-O 6.Qc2 c6 7.O-O b6 8.Rd1 Bb7
9.b3 Nbd7 10.Nc3 Rc8 11.e4 c5 12.dxc5 dxc4 13.b4 a5 14.a3 axb4 15.axb4 bxc5
16.b5 Qc7 17.Bf4 e5 18.Bg5 Nb6 19.Nd2 Rfd8 20.Bxf6 Bxf6 21.Nd5 Bxd5 22.exd5 e4
23.Rab1 Rxd5 24.Nxc4 Rd4 25.Nxb6 Qxb6 26.Bxe4 Rxd1+ 27.Rxd1 Qxb5 28.Bxh7+ Kf8
29.Bf5 Rd8 30.Rxd8+ Bxd8 31.Qd3 Qxd3 32.Bxd3 Bf6  1/2-1/2

[Event "9th Masters Final 2016"]
[Site "Bilbao ESP"]
[Date "2016.07.20"]
[Round "7.3"]
[White "Nakamura,Hi"]
[Black "So,W"]
[Result "1/2-1/2"]
[WhiteElo "2787"]
[BlackElo "2770"]

1.Nf3 d5 2.d4 Nf6 3.c4 e6 4.g3 Bb4+ 5.Bd2 Be7 6.Bg2 O-O 7.O-O c6 8.Qc2 b6
9.Rd1 Nbd7 10.b3 Ba6 11.a4 c5 12.Na3 Bb7 13.Qb2 Qc8 14.Rac1 Bc6 15.dxc5 bxc5
16.cxd5 exd5 17.Nh4 Re8 18.Nf5 Bf8 19.Bf4 Qb7 20.Nb5 Bxb5 21.axb5 Qxb5 22.Ne3 Rac8
23.Nxd5 Nxd5 24.Bxd5 Nb6 25.Bc4 Nxc4 26.Rxc4 Rcd8 27.Ra1 Re6 28.Be3 Rb8 29.Qc2 Qxb3
30.Qxb3 Rxb3 31.Rxa7 Re8 32.Rc7 Rb2 33.Bxc5 Bxc5 34.R7xc5 Rbxe2 35.Rc8 Re1+
36.Kg2 g6 37.h4 Rxc8 38.Rxc8+ Kg7 39.Rc7 Rd1 40.Rc8 Re1 41.Rc7 Rd1 42.Rc8  1/2-1/2

[Event "9th Masters Final 2016"]
[Site "Bilbao ESP"]
[Date "2016.07.21"]
[Round "8.3"]
[White "Wei Yi"]
[Black "Nakamura,Hi"]
[Result "1/2-1/2"]
[WhiteElo "2696"]
[BlackElo "2787"]

1.d4 Nf6 2.c4 e6 3.g3 d5 4.Bg2 Be7 5.Nf3 O-O 6.Nc3 dxc4 7.Ne5 Nc6 8.Bxc6 bxc6
9.Nxc6 Qe8 10.Nxe7+ Qxe7 11.Qa4 c5 12.dxc5 Qxc5 13.Be3 Qc7 14.Rd1 Bd7 15.Qa3 Nd5
16.Bd4 a5 17.Rd2 Nb4 18.O-O Qb7 19.Na4 Bxa4 20.Qxa4 Rfc8 21.Rc1 f6 22.f3 Qa6
23.Bf2 Nd5 24.Rdc2 Nb4 25.Rd2 Nd5 26.Rdc2 Nb4 27.Rc3 h6 28.Kg2 Rab8 29.b3 cxb3
30.Rxc8+ Rxc8 31.Rxc8+ Qxc8 32.Qxb3 Kf7 33.Qa4 Qa6 34.Qd7+ Kg8 35.Qd2 Qc4
36.Qd8+ Kh7 37.Qxa5 Nxa2 38.Qd2 Nb4 39.Qb2 Nc6 40.Qb1+ Kg8 41.Qb7 Ne5 42.Qb8+ Kh7
43.Qb1+ Kg8 44.Qb8+ Kh7 45.Qb1+ Kg8  1/2-1/2

[Event "9th Masters Final 2016"]
[Site "Bilbao ESP"]
[Date "2016.07.22"]
[Round "9.1"]
[White "Nakamura,Hi"]
[Black "Karjakin,Sergey"]
[Result "1/2-1/2"]
[WhiteElo "2787"]
[BlackElo "2773"]

1.d4 Nf6 2.c4 e6 3.Nf3 d5 4.Nc3 Nbd7 5.Bf4 dxc4 6.e3 b5 7.Nxb5 Bb4+ 8.Nc3 Nd5
9.a3 Nxc3 10.Qd2 Nd5 11.axb4 Nxf4 12.exf4 Bb7 13.Be2 O-O 14.O-O Nb6 15.Ne5 Qd6
16.Rfd1 Rfb8 17.Rac1 a6 18.h4 Bd5 19.h5 h6 20.Re1 Rb7 21.Nxc4 Nxc4 22.Bxc4 Bxc4
23.Rxc4 Rab8 24.Ra1 Rxb4 25.Rxb4 Qxb4 26.Qxb4 Rxb4 27.Rxa6 Rxd4 28.Ra8+ Kh7
29.g3 Rb4 30.Ra7 Rxb2 31.Rxc7 Kg8 32.Rc8+ Kh7 33.Rc7 Kg8 34.Rc8+ Kh7  1/2-1/2

[Event "9th Masters Final 2016"]
[Site "Bilbao ESP"]
[Date "2016.07.23"]
[Round "10.3"]
[White "Giri,A"]
[Black "Nakamura,Hi"]
[Result "1/2-1/2"]
[WhiteElo "2785"]
[BlackElo "2787"]

1.d4 Nf6 2.c4 e6 3.Nf3 d5 4.Nc3 Be7 5.Bf4 O-O 6.e3 c5 7.dxc5 Bxc5 8.cxd5 exd5
9.Be2 Nc6 10.O-O a6 11.Rc1 Ba7 12.Ne5 Ne7 13.Bg5 d4 14.exd4 Qxd4 15.Qxd4 Bxd4
16.Nf3 Bxc3 17.Rxc3 Ned5 18.Rc4 h6 19.Bd2 b5 20.Rd4 Re8 21.Re1 Ne7 22.Bd3 Be6
23.a4 Nf5 24.Rf4 Nd6 25.axb5 axb5 26.Rd4 Nc4 27.Bc3 Rac8 28.Rb1 Bd5 29.Nd2 Nxd2
30.Bxd2 Be4 31.Bc3 Bxd3 32.Rxd3 Ne4 33.h3 Nxc3 34.bxc3 Rc5 35.Rd2 Rxc3 36.Rxb5 Rc7
37.Rb1 Rec8 38.Rbd1 Rc1 39.Rxc1 Rxc1+ 40.Kh2 g6 41.g4 g5 42.Kg2 Rc3 43.Rd6 Kg7
44.Rb6 Rd3 45.Rc6 Rb3 46.Ra6 Rd3 47.Rc6 Rb3 48.Ra6  1/2-1/2